[Event "21st Alekhine Master 2017"]
[Site "Voronezh"]
[Date "2017.06.18"]
[Round "6"]
[White "Popov, Ivan"]
[Black "Gabrielian, Artur"]
[Result "1-0"]
[WhiteElo "2619"]
[BlackElo "2506"]
[Annotator "TA"]
[PlyCount "101"]
[EventDate "2017.??.??"]
[EventType "swiss"]
[EventCountry "RUS"]
[SourceTitle "playchess.com"]
[Source "ChessBase"]
[SourceQuality "1"]

{[%evp 16,101,13,11,24,13,16,4,18,9,18,0,0,0,8,0,0,0,0,0,0,0,0,0,0,-16,-25,-35,-35,-35,-25,-48,0,0,0,0,0,0,0,0,0,0,0,0,0,0,0,0,0,0,0,0,12,0,0,0,50,47,45,44,50,0,416,414,492,485,478,477,459,400,338,362,495,453,458,447,585,446,542,521,648,646,620,611,29965,6502,6170,5353]} 1. e4 c5 2. Nf3 d6 3. d4 cxd4 4. Qxd4 Nc6 5. Bb5 a6 6. Bxc6+ {B53: Sicilian: 2...d6: Lines with Qxd4} bxc6 7. O-O e5 8. Qa4 Qc7 9. c4 {LiveBook: 3 Games} Bd7 (9... Nf6 10. c5 Bg4 11. Nbd2 Nd7 12. cxd6 Bxd6 13. h3 Bh5 {1-0 (45) Andreikin,D (2736)-Sakaev,K (2594) Sochi 2016}) 10. Nc3 Nf6 11. Bg5 Be7 12. Rad1 $146 ({Predecessor:} 12. Rfe1 O-O 13. Rad1 Qb7 14. c5 dxc5 15. Nxe5 Be6 16. Nxc6 Rfe8 17. Nxe7+ Rxe7 18. e5 Rae8 19. exf6 {1-0 (19) Behnick,E (1962)-Popp,M (1536) Frankfurt 2006}) 12... O-O 13. Rd3 (13. Bxf6 $5 Bxf6 14. Qc2 $11) 13... Be6 14. Rfd1 Rfd8 15. Bxf6 Bxf6 16. c5 dxc5 17. Rxd8+ Rxd8 18. Rxd8+ Bxd8 19. Qxa6 g6 20. Qd3 c4 21. Qd2 f6 22. Nd1 Be7 23. Ne3 Qb6 (23... Qa7 $5 {[%cal Ra7a2]} 24. a3 Bc5 $15) 24. Qc2 Qa6 25. a3 Bc5 26. Nd2 {[%cal Rd2c4]} Bxe3 27. fxe3 Qb5 28. Kf2 Kg7 29. Nb1 Bf7 30. Nc3 Qb6 31. Qd2 Qb3 32. a4 Qb4 33. Ke1 c5 34. Kd1 Be8 35. Qc2 Bc6 36. Kc1 h5 37. Qd1 {Qd6 is the strong threat.} Qb7 38. a5 {[#] aiming for Qd6.} (38. Qd6 $5 {[%cal Ra4a5]}) 38... Qa7 $2 {[%mdl 8192]} (38... Qc7 $11 {and Black is okay.}) 39. Qd6 $18 Qa8 {If only Black now had time for ...g5....} 40. Qe7+ Kh6 41. Qxf6 Bxe4 42. Qxe5 Bxg2 43. h4 ({Much less strong is} 43. Qxc5 $6 Qb8 $18) 43... Kh7 44. Qe7+ Kg8 45. Qxc5 Kh8 46. Qe5+ Kh7 47. Qc7+ Kh8 48. e4 Qf8 49. Kb1 {[#] And now a6 would win.} Qf6 50. Qc8+ Kh7 51. a6 {Precision: White = 68%, Black = 54%.} 1-0

[Event "21st Alekhine Master 2017"]
[Site "Voronezh"]
[Date "2017.06.18"]
[Round "6"]
[White "Bocharov, Dmitry"]
[Black "Burmakin, Vladimir"]
[Result "1-0"]
[WhiteElo "2579"]
[BlackElo "2504"]
[Annotator "TA"]
[PlyCount "85"]
[EventDate "2017.??.??"]
[EventType "swiss"]
[EventCountry "RUS"]
[SourceTitle "playchess.com"]
[Source "ChessBase"]
[SourceQuality "1"]

{[%evp 12,85,58,38,35,43,55,55,62,63,64,61,69,55,67,39,81,54,66,63,58,53,81,66,67,60,76,68,73,69,92,84,204,109,160,148,205,189,194,186,179,156,179,181,211,207,324,306,293,295,302,300,349,317,472,468,466,447,439,420,1000,973,939,955,1166,870,6514,1272,917,862,6136,5810,2478,2466,29991,0]} 1. e4 c6 2. d4 d5 3. e5 Bf5 4. Nf3 e6 5. Be2 Ne7 6. O-O Nc8 {B12: Caro-Kann: Advance Variation} (6... c5 7. c3 Nec6 8. a3 Be7 9. b4 cxd4 10. cxd4 a6 11. Be3 O-O 12. Nbd2 Nd7 13. Ne1 b5 14. f4 Bg6 15. g4 {0-1 (48) Inarkiev,E (2727)-Hammer,J (2621) Moscow 2017}) 7. a4 {LiveBook: 5 Games} Be7 8. a5 Bb4 $146 {White is slightly better.} ({Predecessor:} 8... O-O 9. Nbd2 c5 10. c4 Nc6 11. cxd5 Qxd5 12. Bc4 Qd8 13. Nb3 cxd4 14. Bf4 {0-1 (35) Mokhna,N (2118)-Burmakin,V (2561) Sochi 2012}) 9. Bd2 Bxd2 10. Nbxd2 O-O 11. b4 Nd7 12. Nb3 Rb8 13. Ne1 f6 14. g4 Be4 15. f3 {[%cal Bf2f3,Bf3f4,Bf4e5][%mdl 32]} Bg6 16. f4 $1 Be4 17. Nd2 Bg6 18. Bd3 fxe5 {[#] Hoping for ...Bxd3.} 19. Bxg6 hxg6 20. fxe5 (20. dxe5 $6 g5 $11) 20... b6 21. Nd3 g5 (21... bxa5 $16 22. Rxf8+ (22. Rxa5 Rxb4 23. Rxf8+ Nxf8 $15) (22. bxa5 c5 $16) 22... Nxf8) 22. Qe2 (22. Nf3 $18) 22... Rxf1+ ({Black should play} 22... bxa5 23. bxa5 (23. Rxa5 Rxf1+ 24. Qxf1 Rxb4 $11) 23... Ne7) 23. Rxf1 $16 Nf8 (23... Ne7 $16 24. axb6 axb6) 24. Nf3 $18 Nh7 25. Qd2 Rb7 26. axb6 axb6 27. Nf2 c5 28. Nh3 {[%cal Rf3g5]} Rf7 (28... Ne7 $142 29. Nfxg5 (29. Nhxg5 Nf8 $18) 29... Nxg5 30. Nxg5 Ng6 31. bxc5 bxc5 32. dxc5 (32. Nxe6 Qd7 $18) 32... Qe7) 29. Nhxg5 ({Much less strong is} 29. Nfxg5 $6 Rxf1+ 30. Kxf1 cxd4 $18) 29... Nxg5 30. Nxg5 (30. Qxg5 Ne7 $16) 30... Rxf1+ 31. Kxf1 cxd4 32. h4 (32. Nxe6 Qd7 $16) 32... Qe8 (32... Qc7 $142 33. Qf2 (33. Qxd4 Qxc2 34. Nxe6 Ne7 $16) (33. Nxe6 Qxe5 34. Qe2 Qf6+ 35. Kg2 Qxh4 $16) 33... Qd7) 33. Qd3 g6 34. Qxd4 Qb5+ 35. Ke1 Ne7 (35... Qd7 $142 36. c4 Qc7) 36. Qf4 {White threatens Qf7+ and mate.} Qe8 37. Qf6 Nc6 38. c3 {[%cal Bc2c3,Bc3d4][%mdl 32]} Nd8 {[#]} 39. Kd2 (39. h5 $142 $1 {[%mdl 512]} gxh5 40. gxh5) 39... b5 40. Kd3 d4 41. cxd4 Nc6 42. Nxe6 {[%csl Ge6][%cal Rf6g7]} Nxb4+ 43. Ke4 $2 {[%mdl 32768] Precision: White = 71%, Black = 31%. . Sensor Board Error (Ke4/e5)?} (43. Kd2 {mates} Qf7 44. Qd8+ Kh7 45. Ng5+ Kg7 46. Nxf7 Nc6 47. Qf6+ Kg8 48. e6 Kf8 49. Nd6+ Kg8 50. Qxg6+ Kh8 51. Nf7#) 1-0

[Event "21st Alekhine Master 2017"]
[Site "Voronezh"]
[Date "2017.06.18"]
[Round "6"]
[White "Shaposhnikov, Evgeny"]
[Black "Khegay, Dmitriy"]
[Result "1-0"]
[WhiteElo "2557"]
[BlackElo "2482"]
[Annotator "TA"]
[PlyCount "81"]
[EventDate "2017.??.??"]
[EventType "swiss"]
[EventCountry "RUS"]
[SourceTitle "playchess.com"]
[Source "ChessBase"]
[SourceQuality "1"]

{[%evp 13,81,25,24,12,12,16,18,22,14,22,56,49,37,38,53,40,47,42,61,57,66,106,116,101,105,106,107,100,108,92,92,101,155,154,172,157,214,211,215,172,202,207,210,229,377,385,387,387,387,387,387,366,376,371,1016,1007,1008,969,881,571,542,518,29976,29977,29978,29978,29984,29985,29985,29986]} 1. Nf3 d6 2. d4 Nf6 3. c4 g6 4. Nc3 Bf5 5. Qb3 b6 (5... Qc8 6. Nh4 Bd7 7. e4 Nc6 8. Nf3 e5 9. d5 Nd4 10. Qd1 Bg4 11. Be3 Bxf3 12. gxf3 Bg7 13. f4 {½-½ (47) Wang,H (2734)-Svidler,P (2759) Almaty 2016}) 6. g3 {E61: King's Indian: Early deviations for White, including Smyslov System} Nc6 7. Bg2 Bg7 {LiveBook: 18 Games} 8. d5 {White has an edge.} Na5 9. Qd1 O-O 10. Nd4 Bd7 11. b3 Rc8 12. O-O c5 13. dxc6 Nxc6 14. Nc2 {[#]} a6 $146 15. Bb2 Ne8 16. Rb1 Na5 17. Nb4 Nc7 18. Ncd5 Bxb2 19. Rxb2 Nxd5 20. cxd5 (20. Qxd5 Nc6 $14) (20. Bxd5 $6 b5 $11) 20... Qc7 21. Nxa6 Qc3 22. Qd2 Qe5 ({Black should play} 22... Qxd2 23. Rxd2 Rc3) 23. Nb4 $16 Bb5 24. Bf3 Rc7 (24... Qc3 $16 25. Nc6 Qxd2 26. Nxe7+ (26. Rxd2 Nxc6 27. dxc6 Bxc6 $11) 26... Kg7 27. Rxd2 Rc3) 25. Rc2 $18 Rfc8 26. Rfc1 $36 {[%mdl 2048] White has strong initiative.} Rc5 27. Kg2 R8c7 28. Nd3 Rxc2 (28... Bxd3 {was worth a try.} 29. Qxd3 (29. exd3 Qd4 $16) 29... Qf5 30. Rxc5 bxc5) 29. Rxc2 Rxc2 30. Qxc2 Bxd3 31. exd3 ({Don't play} 31. Qxd3 Qb2 $18) 31... Qd4 32. Qc7 Qc5 33. Qxe7 Qa3 $2 {[#]} (33... Kg7 34. g4 Qb4) 34. Qd8+ Kg7 35. Qxb6 Qxa2 36. b4 Nb3 37. Qxd6 {[#] Qe5+ is the strong threat.} Qb1 (37... Qa1 $18 38. Qf4 Qf6) 38. Qe5+ {White mates.} Kg8 39. Qc3 Nc1 40. d6 {[%cal Bd5d6,Bd6d7][%mdl 32]} Nxd3 41. d7 {Precision: White = 95%, Black = 46%.} 1-0

[Event "21st Alekhine Master 2017"]
[Site "Voronezh"]
[Date "2017.06.18"]
[Round "6"]
[White "Tran, Tuan Minh"]
[Black "Cherniaev, Alexander"]
[Result "1-0"]
[WhiteElo "2542"]
[BlackElo "2425"]
[Annotator "TA"]
[PlyCount "83"]
[EventDate "2017.??.??"]
[EventType "swiss"]
[EventCountry "RUS"]
[SourceTitle "playchess.com"]
[Source "ChessBase"]
[SourceQuality "1"]

{[%evp 11,83,0,9,0,9,-18,14,8,12,-13,-15,-12,-7,-2,0,0,0,-7,0,-17,0,-7,0,-11,-6,-36,29,19,14,25,25,0,28,25,27,39,60,60,75,62,65,51,80,63,76,47,58,41,150,79,131,108,129,148,133,144,224,224,224,220,235,216,217,218,193,158,439,235,436,311,906,889,754,784]} 1. d4 d6 2. e4 Nf6 3. Nc3 c6 4. g3 e5 5. Bg2 b5 6. Nge2 Nbd7 7. O-O {B07: Pirc Defence: Miscellaneous Systems} Be7 8. h3 (8. d5 Qc7 9. dxc6 Qxc6 10. Re1 Bb7 11. Nd5 Nxd5 12. exd5 Qc7 13. a4 bxa4 14. Rxa4 {0-1 (63) Naiditsch,A (2712)-Mchedlishvili,M (2636) Melilla 2011}) 8... h5 9. Be3 {The position is equal.} Qc7 10. Bg5 $146 ({Predecessor:} 10. a3 Nb6 11. b3 a6 12. f4 Bb7 13. dxe5 dxe5 14. fxe5 {1-0 (28) Cugini,V (2235)-De Santis,A (2270) Toscolano 1995}) 10... a5 11. Qd2 Ba6 12. Nd1 b4 13. Re1 O-O 14. Bh4 $1 Rfe8 15. Ne3 g6 16. c4 Bf8 17. Rad1 Bg7 18. f3 Ra7 (18... d5 $15) 19. g4 $11 hxg4 20. hxg4 Nh7 21. Bf2 Nhf8 22. b3 Raa8 23. g5 {[%cal Bg4g5,Bg5h6][%mdl 32]} Rad8 24. Ng4 Nh7 25. Nh6+ Bxh6 $1 26. gxh6 {Black must now prevent f4.} Ndf8 27. f4 {[%cal Bf3f4,Bf4f5][%mdl 32]} Bc8 $1 28. Qe3 (28. f5 $5) 28... Bg4 29. Bh4 $36 {[%mdl 2048] White is more active.} Rd7 {[#]} ({Black should play} 29... f6 $1 $14) 30. Qg3 (30. f5 $142 $1) 30... Bxe2 ({Black should try} 30... f5) 31. Rxe2 $16 f6 32. f5 g5 {[#]} 33. Qg4 $1 Rde7 (33... Rdd8 $16 34. d5 c5) 34. dxe5 $18 dxe5 35. Red2 Rd7 36. Rxd7 Nxd7 37. Qh5 {White threatens Qg6+ and mate.} Re7 38. Bf2 Ndf8 $2 (38... c5 $16 39. Rd5 Nhf8) 39. Bf1 (39. c5 $142) 39... Rd7 $2 (39... c5 40. Be3 Nd7) 40. c5 Qd8 $2 (40... Rxd1 41. Qxd1 Qb8 42. Bc4+ Kh8) 41. Bc4+ Kh8 42. Rd6 {Precision: White = 64%, Black = 35%.} 1-0

[Event "21st Alekhine Master 2017"]
[Site "Voronezh"]
[Date "2017.06.18"]
[Round "6"]
[White "Pridorozhni, Aleksei"]
[Black "Volkov, Sergey"]
[Result "0-1"]
[WhiteElo "2540"]
[BlackElo "2615"]
[Annotator "TA"]
[PlyCount "76"]
[EventDate "2017.??.??"]
[EventType "swiss"]
[EventCountry "RUS"]
[SourceTitle "playchess.com"]
[Source "ChessBase"]
[SourceQuality "1"]

{[%evp 13,76,36,37,20,31,16,26,20,20,13,22,8,8,6,1,-6,15,16,11,8,18,23,23,0,0,-49,-45,-89,-44,-50,-58,-65,-43,-43,-20,-32,-18,-18,-18,-33,0,-19,0,-30,-22,-83,-45,-52,-47,-166,-89,-89,-91,-91,-91,-93,-93,-91,-91,-91,-94,-208,-202,-1003,-911]} 1. c4 c6 2. Nf3 d5 3. d4 Nf6 4. e3 Bf5 5. Nc3 e6 6. Nh4 Bg6 7. Nxg6 hxg6 8. g3 {D12: Slav Defence: 3 Nf3 Nf6 4 e3 Bf5} Nbd7 9. Bd2 g5 $146 ({Predecessor:} 9... Be7 10. b3 dxc4 11. bxc4 e5 12. Qb3 Qc7 13. Bg2 O-O 14. O-O Rfd8 15. Rfd1 Rab8 {0-1 (75) Dreev,A (2652)-Artemiev,V (2653) Moscow 2016}) 10. Qb3 {White has an edge.} Rb8 11. Rd1 g4 12. Bg2 b5 13. c5 e5 14. Qc2 Qe7 15. Ne2 g6 16. b4 Bg7 17. a4 a6 {[%cal Ba7a6,Ba6b5][%mdl 32]} 18. dxe5 Nxe5 19. Nd4 Ne4 20. Bc3 f5 21. axb5 axb5 22. Bb2 Ng5 23. Ra1 Rc8 24. Ra6 Qb7 25. Rb6 Qd7 26. Ra6 Qb7 27. Rb6 Qd7 28. Ra6 Kf7 29. Ke2 (29. O-O $11 {keeps the balance.}) 29... Ra8 30. Rxa8 Rxa8 31. Bc3 {[#]} (31. Ra1 $15 Rxa1 32. Bxa1) 31... Ne4 (31... Nef3 $1 $19 {[%mdl 512] White must now prevent ...Bxd4.} 32. Rd1 (32. Nxf3 gxf3+) 32... Bxd4 33. Bxd4 Nxd4+ 34. Rxd4 Rh8) 32. Ra1 $17 Rxa1 33. Bxa1 {[#]} Qa7 $1 $36 {[%cal Ra7a1][%mdl 2048] Black is on the roll.} 34. Bxe4 fxe4 ({Much worse is} 34... Qxa1 $6 {[#]} 35. Bxf5 $1 {[%mdl 512]} gxf5 36. Qxf5+ Kg8 37. Qe6+ Kh8 38. Qf5 $11) 35. Bc3 Qa6 36. Nb3 Qa4 37. Bxe5 (37. Nd4 $17 {was called for.}) 37... Bxe5 $19 38. Nd4 $2 (38. Qd1) 38... Bxd4 $1 {Precision: White = 42%, Black = 49%.} 0-1

[Event "21st Alekhine Master 2017"]
[Site "Voronezh"]
[Date "2017.06.18"]
[Round "6"]
[White "Mozharov, Mikhail"]
[Black "Nozdrachev, Leonid"]
[Result "1/2-1/2"]
[WhiteElo "2536"]
[BlackElo "2411"]
[Annotator "TA"]
[PlyCount "81"]
[EventDate "2017.??.??"]
[EventType "swiss"]
[EventCountry "RUS"]
[SourceTitle "playchess.com"]
[Source "ChessBase"]
[SourceQuality "1"]

{[%evp 30,81,19,28,50,51,38,48,35,35,45,6,6,0,0,0,0,0,0,0,0,0,0,0,0,0,0,0,0,0,0,0,0,0,0,0,0,0,0,0,0,0,0,0,0,0,0,0,0,-6,-3,-7,0,0]} 1. d4 Nf6 2. c4 e6 3. Nc3 Bb4 4. e3 O-O 5. Bd3 d5 6. Nf3 c5 7. O-O Nc6 8. a3 cxd4 9. exd4 dxc4 10. Bxc4 Be7 11. Re1 b6 {D26: Queen's Gambit Accepted: 4 e3 e6 5 Bxc5 c5 sidelines} 12. d5 (12. Bg5 Bb7 13. Qd3 h6 14. Bxf6 Bxf6 15. Rad1 Ne7 16. Ne4 Nf5 17. Ba2 Re8 18. Bb1 g6 19. g4 Nh4 20. Nxh4 Bxh4 21. Qe3 {0-1 (44) Short,N (2655)-Vallejo Pons,F (2700) Madrid 2016}) 12... Na5 13. Ba2 Nxd5 14. Nxd5 exd5 15. Qxd5 Be6 16. Qxd8 {LiveBook: 3 Games} Rfxd8 17. Bxe6 fxe6 18. Bg5 Bxg5 19. Nxg5 Nb3 $146 20. Rad1 (20. Rab1 {with more complications.} Rac8 21. Nxe6 Rd2 22. Ng5 Rdc2 23. h4) 20... Nd4 {The position is equal.} 21. Kf1 h6 22. Ne4 Rac8 23. Nc3 Kf7 24. Rd3 Nf5 25. Rf3 {[#] g4 is the strong threat.} Kg8 26. Rf4 Rc6 27. Rfe4 Kf7 28. f3 Rd2 29. R1e2 Rd3 30. Ke1 g5 31. Rd2 Rxd2 32. Kxd2 $11 {[%mdl 4096] Endgame KRN-KRN} Nd6 33. Re2 Kf6 34. Kd3 Nc4 35. Ne4+ Kf5 36. Kd4 Nd6 37. Ng3+ Kf6 38. Nh5+ Kf7 39. Kd3 Nf5 40. Ng3 Nxg3 41. hxg3 {Precision: White = 69%, Black = 88%.} 1/2-1/2

[Event "21st Alekhine Master 2017"]
[Site "Voronezh"]
[Date "2017.06.18"]
[Round "6"]
[White "Shyam, Sundar M"]
[Black "Ponkratov, Pavel"]
[Result "1/2-1/2"]
[WhiteElo "2535"]
[BlackElo "2595"]
[Annotator "TA"]
[PlyCount "41"]
[EventDate "2017.??.??"]
[EventType "swiss"]
[EventCountry "RUS"]
[SourceTitle "playchess.com"]
[Source "ChessBase"]
[SourceQuality "1"]

{[%evp 27,41,27,23,22,50,32,39,17,19,0,34,0,2,0,31,0]} 1. e4 e6 2. d4 d5 3. Nd2 c5 4. exd5 Qxd5 5. Ngf3 cxd4 6. Bc4 Qd7 7. O-O Nc6 8. Nb3 Nf6 9. Nbxd4 Nxd4 10. Nxd4 a6 11. Re1 Qc7 12. Bb3 Bd7 13. Qf3 Bd6 14. h3 O-O-O 15. Bg5 {C07: French Tarrasch: 3...c5, 4 Ngf3 and 4 exd5 Qxd5} Bh2+ 16. Kh1 {Hoping for g3.} Be5 17. Qe3 Bd6 $1 18. Qf3 $146 Be5 19. Qe3 Bd6 $1 20. Qf3 Be5 21. Qe3 1/2-1/2

[Event "21st Alekhine Master 2017"]
[Site "Voronezh"]
[Date "2017.06.18"]
[Round "6"]
[White "Maiorov, Nikita"]
[Black "Chigaev, Maksim"]
[Result "1-0"]
[WhiteElo "2521"]
[BlackElo "2561"]
[Annotator "TA"]
[PlyCount "83"]
[EventDate "2017.??.??"]
[EventType "swiss"]
[EventCountry "RUS"]
[SourceTitle "playchess.com"]
[Source "ChessBase"]
[SourceQuality "1"]

{[%evp 12,83,20,0,14,0,3,-1,35,34,31,31,54,60,75,64,75,68,81,60,73,61,64,51,75,35,106,103,93,105,109,91,171,87,176,153,166,125,127,127,127,127,121,131,168,147,137,76,82,58,50,51,143,142,227,161,218,202,228,97,334,346,331,325,676,631,631,631,631,631,631,631,603,587]} 1. d4 Nf6 2. c4 g6 3. g3 Bg7 4. Bg2 c5 5. d5 d6 6. Nc3 O-O 7. Nh3 {LiveBook: 21 Games. E61: King's Indian: Early deviations for White, including Smyslov System} (7. Nf3 e6 8. O-O exd5 9. cxd5 a6 10. a4 Re8 11. Nd2 Nbd7 12. h3 Rb8 13. Nc4 Ne5 14. Na3 Nh5 15. e4 Bd7 16. g4 Nf6 17. g5 Nh5 18. f4 b5 19. fxe5 b4 20. Nc4 bxc3 21. bxc3 Bxe5 22. Qf3 f5 23. gxf6 Qxf6 24. Nxe5 Qxe5 {0-1 (60) So,W (2812)-Nakamura,H (2785) Stavanger 2017}) 7... Nbd7 8. Bd2 a6 $146 ({Predecessor:} 8... Ne5 9. b3 Bg4 10. f3 Bd7 11. O-O Nh5 12. Qc2 Qc8 13. Nf4 Nf6 14. Rae1 a6 {½-½ (32) Fajman,P (2294)-Zawadzki,S (2330) Czechia 2001}) 9. a4 {The position is equal.} Ne5 (9... b5 $5) 10. b3 Rb8 11. O-O Ne8 12. a5 b5 {[#]} 13. axb6 $1 Qxb6 14. Ra3 Bd7 15. Ne4 Nf6 {Strongly threatening ...Nxe4.} 16. Ba5 Qb7 17. Nd2 h6 18. Nf4 Bf5 (18... g5 $14 19. Nd3 Nxd3 20. exd3 Ng4) 19. e4 $16 Bg4 20. f3 {[%cal Bf2f3,Bf3f4][%mdl 32]} Bd7 21. Bc3 g5 (21... h5 $16) 22. Ne2 (22. Bxe5 $1 $18 gxf4 23. Bxf4) 22... e6 (22... Ng6 $16 {was worth a try.}) 23. f4 $18 {dxe6 is the strong threat.} Neg4 24. Rf3 exd5 25. cxd5 {Black must now prevent h3.} Rbe8 26. h3 Nxe4 27. Bxg7 Kxg7 28. hxg4 Bxg4 29. Nxe4 (29. Nc4 $142 Bxf3 30. Bxf3) 29... Rxe4 $16 30. Rf2 Re3 31. fxg5 Qe7 (31... hxg5 $14 32. Qa1+ f6 33. Rxa6 Rf7) 32. gxh6+ ({But not} 32. Rxa6 $6 Rxe2 33. gxh6+ Kxh6 $11) 32... Kxh6 (32... Kg8 $16) 33. Ra2 Re8 (33... Kg7 {is a better defense.} 34. Bf1 Re8 35. Qa1+ (35. Rxa6 Bxe2 36. Bxe2 Rxg3+ 37. Rg2 Rxg2+ 38. Kxg2 Qxe2+ 39. Qxe2 Rxe2+ 40. Kf3 Rd2 $11) 35... Kg8) 34. Qd2 $18 Kg7 {[%cal Rg4e2] [#]} 35. Qb2+ (35. Nd4 $1 $18 {[%cal Rd4e6] and White stays clearly on top. aiming for Ne6+!} Re1+ 36. Bf1) 35... f6 $2 (35... Kg8 $16) 36. Nf4 Rxg3 37. Rxa6 Rh8 $2 (37... Kf7 38. Qb1 f5) 38. Qa1 {White is clearly winning.} Qe5 {[#]} 39. Ne6+ $1 Kg6 {Black wants to play ...Rxg2+.} (39... Bxe6 40. Qxe5) 40. Qxe5 dxe5 41. Nxc5 Bf5 {[#]} 42. Rxf6+ $1 {[%mdl 512] Precision: White = 55%, Black = 33%.} 1-0

[Event "21st Alekhine Master 2017"]
[Site "Voronezh"]
[Date "2017.06.18"]
[Round "6"]
[White "Belyakov, Bogdan"]
[Black "Grachev, Boris"]
[Result "1/2-1/2"]
[WhiteElo "2476"]
[BlackElo "2648"]
[Annotator "TA"]
[PlyCount "80"]
[EventDate "2017.??.??"]
[EventType "swiss"]
[EventCountry "RUS"]
[SourceTitle "playchess.com"]
[Source "ChessBase"]
[SourceQuality "1"]

{[%evp 9,80,8,57,4,26,20,28,6,12,6,27,22,63,45,61,30,25,24,12,16,33,8,8,0,0,-5,-6,-6,-6,-5,-9,-7,0,0,0,0,0,0,0,-15,-10,-12,-10,0,0,0,0,0,0,0,0,0,0,0,0,0,0,0,0,0,0,0,0,0,0,0,0,0,0,0,0,0,0]} 1. e4 g6 2. d4 Bg7 3. Nc3 c6 4. Be3 d5 5. f3 b5 {[%cal Bb7b5,Bb5b4][%mdl 32]} (5... Qb6 6. Qd2 Qxb2 7. Rb1 Qa3 8. exd5 Nf6 9. dxc6 bxc6 10. Bd3 O-O 11. Rb3 Qa5 12. Nge2 Nbd7 13. O-O e5 14. Rfb1 exd4 15. Bxd4 Nc5 {1-0 (47) Savchenko,B (2613)-Berkes,F (2648) Budapest 2017}) 6. exd5 {B15: Caro-Kann: 3 Nc3: 3...g6 and 3...dxe4 4 Nxe4 Nf6 5 Nxf6+ exf6} (6. a3 $14) 6... b4 7. Na4 $146 ({Predecessor:} 7. Ne4 cxd5 8. Ng3 Nf6 9. Qd2 Qb6 10. c4 dxc4 11. Bxc4 O-O 12. N1e2 Bb7 13. O-O {0-1 (72) Labarthe,A (2044)-Meinsohn,F (2250) Besancon 2006}) 7... cxd5 8. Qd2 {White has an edge.} a5 9. a3 bxa3 10. Rxa3 Nd7 11. Bd3 Ngf6 12. Bh6 O-O $1 13. Bxg7 Kxg7 14. Ne2 e5 15. dxe5 Nxe5 {The position is equal.} 16. O-O Bd7 17. Kh1 Rb8 18. Nc5 Rxb2 19. Qc3 Nxd3 20. Nxd3 Rb6 21. Rxa5 Bb5 22. Nd4 Bc4 23. Re1 Bxd3 24. cxd3 Re8 25. Raa1 Rxe1+ 26. Rxe1 Qb8 27. g3 Rb1 28. Rxb1 Qxb1+ 29. Kg2 Qa2+ 30. Kg1 h5 31. h4 Kh7 32. Ne6 Qb1+ 33. Kg2 Qa2+ 34. Kg1 {[#] And now Qc7 would win.} Qb1+ 35. Kg2 fxe6 36. Qxf6 Qc2+ 37. Kh3 Qxd3 {[#] Threatens to win with ...Qf5+.} 38. Qf7+ Kh8 {...Qf5+ is the strong threat.} 39. Qf8+ Kh7 {White must now prevent ...Qf5+.} 40. Qf7+ Kh8 {Precision: White = 69%, Black = 65%.} 1/2-1/2

[Event "21st Alekhine Master 2017"]
[Site "Voronezh"]
[Date "2017.06.18"]
[Round "6"]
[White "Praggnanandhaa R"]
[Black "Savchenko, Boris"]
[Result "1/2-1/2"]
[WhiteElo "2467"]
[BlackElo "2639"]
[Annotator "TA"]
[PlyCount "71"]
[EventDate "2017.??.??"]
[EventType "swiss"]
[EventCountry "RUS"]
[SourceTitle "playchess.com"]
[Source "ChessBase"]
[SourceQuality "1"]

{[%evp 10,71,19,20,29,18,48,29,26,23,70,-5,0,0,37,26,20,0,0,-10,-6,-76,-77,-86,-66,-73,0,0,0,0,0,8,5,0,-22,-23,0,0,172,176,183,182,187,181,191,21,103,97,103,103,87,32,67,50,72,16,70,14,16,0,11,0,48,0]} 1. Nf3 d5 2. g3 Bf5 3. Bg2 e6 4. O-O Nf6 5. d3 h6 6. c4 {LiveBook: 85 Games. A07: Réti Opening: New York and Capablanca Systems} (6. Nbd2 Bh7 7. b3 c5 8. Bb2 Nc6 9. Ne5 Nxe5 10. Bxe5 Bd6 11. Bxd6 Qxd6 12. c4 O-O 13. Nf3 Rad8 14. Qd2 {½-½ (79) Smeets,J (2647)-Van Wely,L (2675) playchess.com INT 2011}) 6... Nc6 7. Qa4 Qd7 8. cxd5 exd5 9. Nc3 Bh3 $146 ({Predecessor:} 9... d4 10. Nb5 Bc5 11. Bd2 O-O 12. Na3 Rfe8 13. Rfe1 Re7 {1-0 (69) Alvarez Marquez,E (2081)-Pulgar Diaz,C (2091) Santiago de Chile 2009}) 10. e4 (10. Bxh3 $14 Qxh3 11. Bf4) 10... Bxg2 $11 11. Kxg2 Be7 12. a3 Rd8 13. e5 Nh7 {Threatening ...Ng5.} 14. d4 Ng5 15. Ng1 (15. Bxg5 $1 $11 {keeps the balance.} hxg5 16. Ng1) 15... Ne6 $1 $17 16. Rd1 f6 17. f4 Nexd4 (17... fxe5 $17 18. dxe5 d4) 18. Rxd4 $11 Nxd4 19. Qxd4 fxe5 20. fxe5 O-O 21. b4 Qf5 22. Bf4 b6 23. Rd1 c5 $2 (23... c6 $11 {and Black has nothing to worry.}) 24. Nxd5 $18 Kh8 25. Qc4 Qe6 {[#]} 26. Qe4 $1 cxb4 27. Nxe7 $2 (27. axb4 $18 {Strongly threatening Nf3.} Rfe8 28. Rd2) 27... Qxe7 (27... Rxd1 $11 28. Ng6+ Kg8 29. Nxf8 Qd5 30. Qxd5+ Rxd5 31. axb4 (31. Ng6 bxa3 32. e6 a2 $11) 31... Kxf8) 28. Rxd8 $16 Rxd8 29. axb4 a5 {[#]} 30. bxa5 (30. b5 $1 $16) 30... bxa5 $14 31. Nf3 Qe6 $1 32. h4 (32. Bd2 $16) 32... Qa2+ (32... Kg8 $11) 33. Kh3 {e6 is the strong threat.} Qe6+ 34. Kg2 Qa2+ 35. Kh3 {aiming for e6.} Qe6+ 36. Kg2 {Precision: White = 48%, Black = 55%.} 1/2-1/2